000 00519nam a2200181Ia 4500
999 _c16446
_d16446
003 OSt
005 20200606115922.0
008 190216s9999||||xx |||||||||||||| ||und||
020 _a818806033X
040 _cMESKC library
082 _a891.433
_bSIN/A
100 _aSinha, Anil Kumar
_9346
245 0 _aAur Vivek Nahin Lota /
_cAnil Kumar Sinha
260 _bSunil Sahitya Sadan,
_aNew Delhi:
_c2003.
300 _a144p
650 _aHindi
942 _cBK
_2ddc
_h891.433
_iSIN/A
_k891.433
_mSIN/A